Score 0/49 Timer 10:00
0 Plays Today
Hint Answer % Correct
Arabic1
88.2%
3
88.2%
2
88.2%
4
88.2%
5
88.2%
6
88.2%
7
88.2%
8
88.2%
9
88.2%
10
85.3%
RomanI
85.3%
II
85.3%
III
85.3%
IV
85.3%
V
85.3%
VI
85.3%
VII
85.3%
VIII
85.3%
IX
85.3%
X
85.3%
20
79.4%
100
79.4%
1000
79.4%
XX
76.5%
C
76.5%
Hint Answer % Correct
M
76.5%
CardinalUnus-a-um
38.2%
Octo
26.5%
OrdinalPrimus-a-um
26.5%
Duo, Duae, duo
23.5%
Quattuor
23.5%
Sex
23.5%
Septem
23.5%
Novem
23.5%
Decem
23.5%
Secundus-a-um
23.5%
Sextus-a-um
23.5%
Septimus-a-um
23.5%
Octavus-a-um
23.5%
Nonus-a-um
23.5%
Quinque
20.6%
Tertius-a-um
20.6%
Quartus-a-um
20.6%
Quintus-a-um
20.6%
Decimus-a-um
20.6%
Tres, Tria
17.6%
Viginti
17.6%
Mille
17.6%
Centum
14.7%
Come Together.
Have Fun.
All Virtual.
We all need to come together. Play Sporcle's virtual live trivia to have fun, connect with people, and get your trivia on. Join a live hosted trivia game for your favorite pub trivia experience done virtually. If a virtual private party is more your thing, go here for details.

You're not logged in!

Compare scores with friends on all Sporcle quizzes.
OR
Log In

Sporcle TV

Today on Sporcle TV


Watch our educational content, quiz creation guides, and fun videos on Sporcle TV.

Show Comments

Extras

Top Quizzes Today


Score Distribution

Paid Content

Your Account Isn't Verified!

In order to create a playlist on Sporcle, you need to verify the email address you used during registration. Go to your Sporcle Settings to finish the process.

Report this User

Report this user for behavior that violates our Community Guidelines.

Details: